| 000 | 00422nam a2200181Ia 4500 | ||
|---|---|---|---|
| 008 | 170918s9999 xx 000 0 und d | ||
| 020 | _a9780439367868 | ||
| 050 | _bH221 1999 | ||
| 100 | _aHamilton, Virginia | ||
| 245 | _aBluish / | ||
| 245 | _cby Virginia Hamilton. | ||
| 260 | _aNew York : | ||
| 260 | _bScholastic, | ||
| 260 | _c1999 | ||
| 300 | _a127 pages : | ||
| 300 | _billustrations : | ||
| 300 | _c19cm. | ||
| 999 |
_c344141 _d344141 |
||